[Event "Nuremberg Zabo op 16th"]
[Site "Nuremberg"]
[Date "2014.09.19"]
[Round "1"]
[White "Bauer, Peter4444"]
[Black "Dresel, Martin"]
[Result "1-0"]
[WhiteElo "1788"]
[BlackElo "1329"]
[PlyCount "93"]
[EventDate "2014.09.19"]
[EventType "swiss"]
[EventRounds "5"]
[EventCountry "GER"]
[SourceTitle "EXT 2018"]
[Source "ChessBase"]
[SourceDate "2017.10.13"]
[SourceVersion "1"]
[SourceVersionDate "2017.10.13"]
[SourceQuality "1"]

1. d4 Nf6 2. Nf3 g6 3. c4 c5 4. d5 b5 5. cxb5 a6 6. g3 axb5 7. Bg2 Bb7 8. Nh4 d6 9. 0-0 Nbd7 10. Re1 Nb6 11. e4 Bg7 12. Nd2 0-0 13. Qc2 Qd7 14. Nb3 Ra7 15. Bd2 Rfa8 16. a3 Ne8 17. Nf3 Nc4 18. Bc3 Bxc3 19. Qxc3 Nf6 20. Nfd2 Nb6 21. h3 Qe8 22. Kh2 Nfd7 23. f4 Qf8 24. Qe3 Qg7 25. Reb1 Na4 26. Ra2 c4 27. Nd4 Ra5 28. b4 cxb3 29. N2xb3 R5a6 30. Rc1 Nac5 31. Nxc5 Nxc5 32. Nxb5 Rc8 33. Nd4 Qf8 34. Rb1 Qd8 35. Qe2 Ra4 36. Rb4 Rca8 37. Nc2 Qa5 38. Rab2 Ba6 39. Rxa4 Qxa4 40. Qe3 Bd3 41. Nb4 Qxa3 42. Ra2 Qxb4 43. Rxa8+ Kg7 44. e5 Qb2 45. exd6 Be4 46. Qg1 exd6 47. Qa1 1-0